| 000 | 00477nam a2200181Ia 4500 | ||
|---|---|---|---|
| 001 | 22944 | ||
| 005 | 20260414150904.0 | ||
| 008 | 260414t2009||||xx |||||||||||||| ||spa|| | ||
| 041 | _aESP | ||
| 082 |
_a624.171 _bCH269 |
||
| 100 |
_aChowdhury, Indrajit _eAUT |
||
| 245 | 0 |
_aDynamics of structure and foundation - a unified approach : _bapplications |
|
| 260 | _c2009 | ||
| 300 |
_axiv, 616 páginas : _c25 cm. |
||
| 650 | _a0 | ||
| 654 | _aCIC | ||
| 942 |
_cLIB _dJUS _fJUS _2ddc _n |
||
| 999 |
_c22944 _d22944 |
||